| 000 | 01399cam a2200229 4500 | ||
|---|---|---|---|
| 001 | WB3701-27 | ||
| 008 | 000000n2000 000 0 eng u | ||
| 035 | _a(Sirsi) u110084 | ||
| 245 | _aRent deposit | ||
| 260 | _c2000 | ||
| 490 |
_aEstates Gazette Case Summaries _v[2000] EGCS 149 (16/12/00) |
||
| 520 | _aChD 1 December 2000. "Obaray v Gateway (London) Ltd". Landlord (A) granted a 10-year lease of premises on a trading estate to tenant (B). B provided A with a deposit to be held on the terms of a deed. This provided for the money to be held in a separate account and entitled A to recoup unpaid rent out of the deposit. In March 2000 B was placed into voluntary liquidation. In April 2000 the liquidator (C) disclaimed the lease, at which time arrears of rent amounted to £22,975. A claimed to be entitled to deduct the arrears from the deposit. C demanded the return of all moneys held in the deposit account. The Chancery master ruled in favour of A. C appealed, contending that A was seeking to enforce a void charge and the insolvency set-off rules were not applicable. The judgment was given for A. | ||
| 650 | _aRENT DEPOSIT | ||
| 650 | _aDEEDS | ||
| 650 | _aLEASE | ||
| 650 | _aCOMPANIES ACT 1985 | ||
| 650 |
_aInsolvency _96247 |
||
| 650 | _aSET-OFF RIGHTS | ||
| 650 | _aOBARARY V GATEWAY (LONDON) LTD | ||
| 690 | _aLANDLORD AND TENANT-CASE LAW | ||
| 942 | _n0 | ||
| 999 |
_c65656 _d65656 |
||